A Rimamurányi uj vezérigazgatója

Novým výkonným riaditeľom Rimamuránsko-šalgótarjánskej železiarskej účastinnej spoločnosti sa stal v októbri 1917 jej doterajší obchodný riaditeľ Pavol (Pál) Biró. [Sídlo účastinnej spoločnosti bolo podľa Štatistiky 1917 v Budapesti].

Podrobná bibliografia
Médium: Článok
Jazyk:Hungarian
Témy:
Zdroj: 1. Murányvölgye : Szépirodalmi, társadalmi és közgazdasági hetilap 1. Roč. 7, č. 42 (21.10.1917) s. 2
LEADER 01217nab#a2200301#ar4500
001 000071663
003 SVKKK
005 20010405xxxxxxx.
008 06 c xo huno
FMT
038 |a SVKKK 
040 |a SVKKK  |b slo  |e AACR2 
041 0 |a hun 
044 |a xo  |c SK 
080 |a 621.7 
242 1 0 |a Nový výkonný riaditeľ Rimamuránskej spoločnosti 
245 0 0 |a A Rimamurányi uj vezérigazgatója 
520 2 |a Novým výkonným riaditeľom Rimamuránsko-šalgótarjánskej železiarskej účastinnej spoločnosti sa stal v októbri 1917 jej doterajší obchodný riaditeľ Pavol (Pál) Biró. [Sídlo účastinnej spoločnosti bolo podľa Štatistiky 1917 v Budapesti]. 
650 0 4 |a Biró, Pavol (riaditeľ obchodný) - Rimamuránsko-šalgótarjánska železiarska účastinná spoločnosť - október 1917 - riaditeľ výkonný (funkcia) - október 1917 - vymenovanie - správy 
773 0 |t Murányvölgye : Szépirodalmi, társadalmi és közgazdasági hetilap  |g Roč. 7, č. 42 (21.10.1917) s. 2 
957 |a Gemersko-malohontská župa 
957 |a [Budapest (HU)] 
958 |a DG 
958 |a SK 
974 |a ebl  |d 20010405 
992 |a RBX 
BAS
998 |a RETRO